[Event "GER-ch 86th"]
[Site "Saarbruecken"]
[Date "2015.12.05"]
[Round "3"]
[White "Weber, Max"]
[Black "Paulsen, Dirk"]
[Result "1/2-1/2"]
[WhiteElo "2160"]
[BlackElo "2303"]
[EventDate "2015.12.03"]
[PlyCount "94"]

1. Nf3 f5 2. g3 b6 3. Bg2 Bb7 4. d4 Nf6 5. O-O e6 6. c4 Na6 7. Nc3 Bb4 8. Bd2 O-O 9. a3 Bxc3 10. Bxc3 Ne4 11. Rc1 c5 12. dxc5 bxc5 13. Qa4 Nc7 14. Rfd1 d6 15. Ba5 Qe7 16. Nd2 Ne8 17. f3 N4f6 18. b4 e5 19. e3 g5 20. Qc2 Ng7 21. Nf1 f4 22. Qd3 g4 23. exf4 gxf3 24. Bxf3 e4 25. Qe2 Nf5 26. Bg2 e3 27. Bxb7 Qxb7 28. bxc5 dxc5 29. Bc3 Rae8 30. Rd3 Qe4 31. Rcd1 Qxc4 32. Bxf6 Rxf6 33. Qg4+ Kf8 34. Qg5 Qf7 35. Rd7 Qg6 36. Re1 Qxg5 37. fxg5 Rf7 38. Rxf7+ Kxf7 39. g4 Nd4 40. Rxe3 Rxe3 41. Nxe3 Nf3+ 42. Kf2 Nxg5 43. h4 Ne4+ 44. Kf3 Nd6 45. Kf4 Ke6 46. Kg5 Nf7+ 47. Kf4 Nd6 1/2-1/2

[Event "GER-ch 86th"]
[Site "Saarbruecken"]
[Date "2015.12.05"]
[Round "3"]
[White "Zude, Erik"]
[Black "Khenkin, Igor"]
[Result "1-0"]
[WhiteElo "2394"]
[BlackElo "2594"]
[EventDate "2015.12.03"]
[PlyCount "81"]

1. d4 d5 2. c4 c6 3. Nf3 Nf6 4. e3 e6 5. Bd3 dxc4 6. Bxc4 Nbd7 7. O-O Bd6 8. Nc3 O-O 9. Qc2 b5 10. Bd3 Bb7 11. Bd2 Rc8 12. Ng5 c5 13. Nxb5 Bxh2+ 14. Kxh2 cxd4 15. Qd1 Ne5 16. Nxd4 Nxd3 17. Kg1 e5 18. Nb3 h6 19. Nf3 Nxb2 20. Qe2 Nd3 21. Ba5 Qd5 22. Rfd1 e4 23. Nh2 Rc4 24. f4 Rfc8 25. Be1 Ba6 26. Rd2 Ra4 27. Qd1 Qc4 28. Bh4 Nd5 29. Ng4 Qc3 30. f5 h5 31. Nf2 Nxe3 32. Qxh5 Qxb3 33. Rxd3 Qb2 34. Rxe3 Qxa1+ 35. Kh2 Qe5+ 36. Bg3 Qe7 37. Ng4 f6 38. Bf4 Qf7 39. Nh6+ gxh6 40. Rg3+ Kf8 41. Bd6+ 1-0

[Event "GER-ch 86th"]
[Site "Saarbruecken"]
[Date "2015.12.05"]
[Round "3"]
[White "Zuferi, Enis"]
[Black "Scherer, Max"]
[Result "0-1"]
[WhiteElo "2210"]
[BlackElo "2236"]
[EventDate "2015.12.03"]
[PlyCount "84"]

1. d4 e6 2. e4 b6 3. c4 Bb7 4. Bd3 g6 5. Ne2 Bg7 6. Nbc3 Ne7 7. h4 d6 8. h5 Nd7 9. Bg5 a6 10. Qd2 c5 11. d5 e5 12. g3 h6 13. Be3 g5 14. f4 f6 15. O-O-O O-O 16. Rdg1 b5 17. Nd1 bxc4 18. Bc2 a5 19. Rh2 a4 20. a3 c3 21. Ndxc3 Nb6 22. Bd3 Ba6 23. Rhg2 Qc8 24. fxg5 fxg5 25. Bxg5 hxg5 26. Bxa6 Rxa6 27. Qxg5 Rf6 28. h6 Rg6 29. h7+ Kf7 30. Rf1+ Bf6 31. Qh5 Kg7 32. Rh2 Ra8 33. Nb5 Nc4 34. Nc7 Rb8 35. h8=Q+ Qxh8 36. Ne6+ Kg8 37. Qf3 Qxh2 38. Rh1 Rxg3 39. Qxg3+ Qxg3 40. Nxg3 Rxb2 41. Nh5 Rf2 42. Rg1+ Kf7 0-1

[Event "GER-ch 86th"]
[Site "Saarbruecken"]
[Date "2015.12.06"]
[Round "4"]
[White "Bastian, Herbert"]
[Black "Fuellgrabe, Thomas"]
[Result "1-0"]
[WhiteElo "2328"]
[BlackElo "2244"]
[EventDate "2015.12.03"]
[PlyCount "83"]

1. e4 e5 2. Nf3 Nc6 3. Bc4 Nf6 4. d3 Be7 5. O-O O-O 6. Bb3 d6 7. c3 d5 8. Nbd2 dxe4 9. dxe4 Bc5 10. Qe2 Qe7 11. Nc4 h6 12. Ba4 Bd7 13. Ne3 Rfe8 14. Nd5 Nxd5 15. exd5 Nb8 16. Bc2 e4 17. Nd4 c6 18. Qh5 cxd5 19. Qxd5 Nc6 20. Nf5 Bxf5 21. Qxf5 Qe5 22. Bxe4 Qxe4 23. Qxc5 Qc2 24. Qb5 Rad8 25. Qxb7 Re6 26. Qb3 Qe4 27. Qb5 Rd5 28. f3 Qf5 29. Qc4 Rg6 30. Bf4 h5 31. Qe4 Qd7 32. Rae1 Re6 33. Qa4 g5 34. Bc1 Rg6 35. Rd1 g4 36. Rxd5 Qxd5 37. Qe4 Qxa2 38. fxg4 hxg4 39. c4 Kg7 40. Qd5 Re6 41. Qd7 Ne7 42. Qd4+ 1-0

[Event "GER-ch 86th"]
[Site "Saarbruecken"]
[Date "2015.12.06"]
[Round "4"]
[White "Braun, Christian1"]
[Black "Zuferi, Enis"]
[Result "1-0"]
[WhiteElo "2397"]
[BlackElo "2210"]
[EventDate "2015.12.03"]
[PlyCount "87"]

1. e4 c5 2. Nf3 d6 3. d4 Nf6 4. Nc3 cxd4 5. Nxd4 a6 6. Be2 e5 7. Nb3 Be7 8. O-O O-O 9. Be3 Be6 10. Qd3 Nc6 11. a3 Rc8 12. Nd5 Bxd5 13. exd5 Nb8 14. a4 Nbd7 15. a5 Ne8 16. c4 Bg5 17. Bxg5 Qxg5 18. Qd2 Qe7 19. Qb4 Nc5 20. Nxc5 dxc5 21. Qb6 Qc7 22. Rfc1 Qxb6 23. axb6 f5 24. b4 Rf6 25. Ra5 cxb4 26. c5 Rxb6 27. Bc4 Nd6 28. cxd6 Rxd6 29. Raa1 b5 30. Ba2 Rxc1+ 31. Rxc1 Kf8 32. Rc8+ Ke7 33. Ra8 Kf6 34. f3 e4 35. f4 Ke7 36. Kf2 Kd7 37. Ke3 Kc7 38. Kd4 Kb7 39. Re8 Rg6 40. g3 Kb6 41. Ke5 e3 42. d6 Kc5 43. Rc8+ Kb6 44. d7 1-0

[Event "GER-ch 86th"]
[Site "Saarbruecken"]
[Date "2015.12.06"]
[Round "4"]
[White "Donchenko, Alexander"]
[Black "Zude, Erik"]
[Result "1-0"]
[WhiteElo "2582"]
[BlackElo "2394"]
[EventDate "2015.12.03"]
[PlyCount "77"]

1. d4 Nf6 2. Nf3 g6 3. g3 Bg7 4. Bg2 O-O 5. O-O d6 6. b3 c5 7. c4 d5 8. Bb2 dxc4 9. bxc4 cxd4 10. Nxd4 Qb6 11. Qb3 Nfd7 12. e3 Nc6 13. Nc3 Nxd4 14. exd4 Qxb3 15. axb3 Bxd4 16. Ra2 Nc5 17. Nd5 Bxb2 18. Nxe7+ Kg7 19. Rxb2 Be6 20. Ra1 a5 21. Nd5 Bxd5 22. Bxd5 Ra6 23. Ra3 Rc8 24. Rba2 Rca8 25. Kf1 R8a7 26. Ke2 Nd7 27. Kd3 b6 28. f4 Nc5+ 29. Kd4 h6 30. Re2 Kf8 31. Kc3 f6 32. Ra1 Re7 33. Rxe7 Kxe7 34. Re1+ Kf8 35. Bc6 Ra7 36. Re8+ Kg7 37. Rb8 Re7 38. Rxb6 Re2 39. Rb5 1-0

[Event "GER-ch 86th"]
[Site "Saarbruecken"]
[Date "2015.12.06"]
[Round "4"]
[White "Fridman, Daniel"]
[Black "Bischoff, Klaus"]
[Result "1/2-1/2"]
[WhiteElo "2627"]
[BlackElo "2497"]
[EventDate "2015.12.03"]
[PlyCount "68"]

1. d4 g6 2. Nf3 Bg7 3. c4 d6 4. e4 e5 5. Bg5 f6 6. Bh4 Nc6 7. d5 Nce7 8. Be2 Nh6 9. Nc3 O-O 10. O-O g5 11. Bg3 Ng6 12. Nd2 g4 13. Re1 Nf4 14. Bf1 f5 15. c5 Nxg2 16. Bxg2 f4 17. cxd6 cxd6 18. Rc1 fxg3 19. hxg3 a6 20. Qe2 Bf6 21. Nd1 Bg5 22. Ne3 Bd7 23. Rc2 b5 24. Ndf1 Rc8 25. Rec1 Qb6 26. Rxc8 Rxc8 27. Rxc8+ Bxc8 28. Nf5 Qc5 29. Nxh6+ Bxh6 30. Nh2 Qc1+ 31. Bf1 Qg5 32. Qc2 Qc1 33. Qe2 Qg5 34. Qc2 Qc1 1/2-1/2

[Event "GER-ch 86th"]
[Site "Saarbruecken"]
[Date "2015.12.06"]
[Round "4"]
[White "Frischmann, Rick"]
[Black "Poetsch, Hagen"]
[Result "0-1"]
[WhiteElo "2274"]
[BlackElo "2514"]
[EventDate "2015.12.03"]
[PlyCount "104"]

1. d4 Nf6 2. c4 e6 3. g3 c5 4. d5 exd5 5. cxd5 d6 6. Nc3 g6 7. Bg2 Bg7 8. Nf3 O-O 9. O-O Re8 10. Bf4 a6 11. a4 Nh5 12. Bg5 Qc7 13. Qc1 Nd7 14. Re1 Rb8 15. Bh6 Bh8 16. Rb1 b5 17. axb5 axb5 18. b4 cxb4 19. Na2 Qxc1 20. Rexc1 Nc5 21. Nxb4 Bf5 22. Nc6 Bxb1 23. Rxb1 Rb6 24. Bd2 Ne4 25. Ba5 Nc3 26. Rb3 Nxe2+ 27. Kf1 Ra6 28. Rxb5 Bc3 29. Bh3 Bxa5 30. Bd7 Rea8 31. Kxe2 Nf6 32. Bc8 Rxc8 33. Ne7+ Kf8 34. Nxc8 Bc7 35. Rb7 Nxd5 36. Ng5 h6 37. Ne4 Ke8 38. Nf6+ Nxf6 39. Rxc7 Nd5 40. Rb7 Rc6 41. Rb8 Kd7 42. Na7 Rc7 43. Nb5 Rc2+ 44. Kd3 Rb2 45. Rb7+ Kc6 46. Rxf7 Rxb5 47. Rh7 Rb2 48. Rxh6 Rxf2 49. Rxg6 Rxh2 50. Rg8 Rg2 51. Kd4 Ne7 52. Rg5 Rxg3 0-1

[Event "GER-ch 86th"]
[Site "Saarbruecken"]
[Date "2015.12.06"]
[Round "4"]
[White "Hirneise, Jens"]
[Black "Bode, Wilfried"]
[Result "1/2-1/2"]
[WhiteElo "2266"]
[BlackElo "2338"]
[EventDate "2015.12.03"]
[PlyCount "231"]

1. e4 e5 2. Nf3 Nc6 3. Bb5 g6 4. c3 a6 5. Bc4 Bg7 6. d4 d6 7. Bg5 Nf6 8. dxe5 dxe5 9. Nbd2 h6 10. Be3 b6 11. h3 Bb7 12. b4 O-O 13. O-O Qe7 14. Qc2 Nb8 15. a4 Nbd7 16. Bd3 Rfd8 17. Nb3 Nh5 18. a5 Nf4 19. Bxf4 exf4 20. Rfe1 b5 21. Rad1 c5 22. c4 Rac8 23. Qe2 Bc3 24. Rf1 Qe6 25. bxc5 b4 26. Bc2 Qe7 27. e5 Nxc5 28. Nxc5 Qxc5 29. e6 Qe7 30. exf7+ Qxf7 31. Nh4 Qf6 32. Qg4 g5 33. Nf5 Kf8 34. c5 Rxc5 35. Nxh6 Rd2 36. Qh5 Rcd5 37. Rde1 Rd8 38. Ba4 R2d6 39. Re8+ Rxe8 40. Qxe8+ Kg7 41. Nf5+ Qxf5 42. Qe7+ Qf7 43. Qxd6 Qd5 44. Qxd5 Bxd5 45. Rd1 Bc4 46. Rd6 Kf7 47. Rc6 Bd3 48. Bb3+ Ke7 49. Bc4 Kd7 50. Rc5 Bxc4 51. Rxc4 Kd6 52. Kf1 Kd5 53. Rc8 Kd4 54. Ke2 b3 55. Kd1 Bxa5 56. Rc6 Be1 57. Rxa6 Bxf2 58. Kc1 f3 59. Ra4+ Ke3 60. Rg4 fxg2 61. Rxg2 Kf3 62. Rg4 Bg3 63. Kb2 Kg2 64. Kxb3 Kxh3 65. Rxg5 Kg2 66. Kc2 Kf3 67. Kd3 Bc7 68. Rf5+ Kg2 69. Rf6 Be5 70. Re6 Bg3 71. Ke2 Bb8 72. Rg6+ Kh1 73. Kf3 Be5 74. Rg4 Bd6 75. Rg5 Bc7 76. Rc5 Bd6 77. Rc2 Be5 78. Rd2 Bc7 79. Rd5 Bb8 80. Rd1+ Kh2 81. Rd2+ Kh1 82. Re2 Bc7 83. Re6 Bb8 84. Ra6 Be5 85. Rc6 Bb8 86. Rh6+ Kg1 87. Rh5 Bc7 88. Rg5+ Kh1 89. Rb5 Kh2 90. Kf2 Bg3+ 91. Kf3 Bc7 92. Rd5 Kh1 93. Rg5 Bb8 94. Rb5 Bd6 95. Kf2 Bc7 96. Rb7 Be5 97. Rd7 Bb8 98. Re7 Bd6 99. Rd7 Be5 100. Rd3 Bc7 101. Rb3 Bd6 102. Rb5 Bc7 103. Rb4 Bd6 104. Rb1+ Kh2 105. Rb5 Bg3+ 106. Kf3 Bd6 107. Rb7 Kh1 108. Rg7 Be5 109. Rg6 Bb8 110. Re6 Bc7 111. Kf2 Bb8 112. Ra6 Be5 113. Ra4 Bc7 114. Rh4+ Bh2 115. Kf3 Kg1 116. Rg4+ 1/2-1/2

[Event "GER-ch 86th"]
[Site "Saarbruecken"]
[Date "2015.12.06"]
[Round "4"]
[White "Keymer, Vincent"]
[Black "Dorst, Johannes"]
[Result "1-0"]
[WhiteElo "2342"]
[BlackElo "2224"]
[EventDate "2015.12.03"]
[PlyCount "107"]

1. d4 Nf6 2. c4 c5 3. d5 b5 4. cxb5 a6 5. bxa6 g6 6. Nc3 Bg7 7. g3 d6 8. Nf3 Bxa6 9. Bg2 Nbd7 10. Rb1 O-O 11. O-O Qa5 12. Bd2 Bb7 13. Qc2 Qa7 14. e4 Ba6 15. Rfd1 Ng4 16. Bg5 Nde5 17. Nxe5 Nxe5 18. b3 Bc8 19. Nb5 Qd7 20. a4 Ba6 21. Na3 Rfb8 22. h3 Qa7 23. g4 Rb4 24. Be3 Qb7 25. f4 Nd7 26. e5 Rb8 27. e6 Nf8 28. exf7+ Kxf7 29. f5 Rxb3 30. fxg6+ hxg6 31. Nb5 Rxb1 32. Rxb1 Kg8 33. Be4 Qd7 34. Bd3 Qe8 35. Rf1 Bxb5 36. Bxb5 Rxb5 37. axb5 Qxb5 38. Qe4 Qd7 39. Bg5 Bd4+ 40. Kg2 Be5 41. Bh6 Bg7 42. Qf4 Qe8 43. h4 Nd7 44. Bxg7 Kxg7 45. Qg5 Ne5 46. h5 Qd7 47. Kg3 Qb7 48. Kh4 c4 49. hxg6 Qd7 50. Kh5 Kg8 51. Rf8+ Kxf8 52. Qh6+ Kg8 53. Qh7+ Kf8 54. Qh8# 1-0

[Event "GER-ch 86th"]
[Site "Saarbruecken"]
[Date "2015.12.06"]
[Round "4"]
[White "Khenkin, Igor"]
[Black "Margraf, Daniel"]
[Result "1-0"]
[WhiteElo "2594"]
[BlackElo "2277"]
[EventDate "2015.12.03"]
[PlyCount "109"]

1. d4 d5 2. c4 e6 3. Nc3 Nf6 4. Bg5 Bb4 5. cxd5 exd5 6. e3 h6 7. Bh4 g5 8. Bg3 Ne4 9. Qb3 c5 10. dxc5 Qa5 11. Rc1 Nc6 12. a3 Bxc3+ 13. bxc3 Nxc5 14. Qb2 Bf5 15. Nf3 O-O-O 16. Ne5 Nxe5 17. Bxe5 Rhe8 18. Bd4 Ne6 19. Qb4 Qxb4 20. cxb4+ Kb8 21. Be5+ Ka8 22. Bb5 Rc8 23. Ke2 Rg8 24. Rhd1 Rxc1 25. Rxc1 a6 26. Ba4 Rd8 27. Bf6 Rf8 28. Rd1 d4 29. Bxd4 Nxd4+ 30. Rxd4 Be6 31. Bd7 Bb3 32. Bf5 Kb8 33. Rd6 h5 34. g3 Kc7 35. Rd7+ Kc6 36. Rd4 Be6 37. Be4+ Kb6 38. h4 gxh4 39. gxh4 Rg8 40. Bf3 Bg4 41. Bxg4 hxg4 42. Rf4 g3 43. fxg3 Rxg3 44. Rxf7 Rh3 45. Rh7 Rh2+ 46. Kf3 Ra2 47. h5 Rxa3 48. h6 Ra1 49. Rg7 Rh1 50. h7 Kc6 51. Kf4 b6 52. e4 a5 53. bxa5 bxa5 54. Kg5 Kb5 55. e5 1-0

[Event "GER-ch 86th"]
[Site "Saarbruecken"]
[Date "2015.12.06"]
[Round "4"]
[White "Kollars, Dmitrij"]
[Black "Scherer, Max"]
[Result "1-0"]
[WhiteElo "2445"]
[BlackElo "2236"]
[EventDate "2015.12.03"]
[PlyCount "107"]

1. e4 e6 2. d4 b6 3. Bd3 Bb7 4. Nc3 Bb4 5. Nge2 Nf6 6. e5 Nd5 7. O-O Nxc3 8. bxc3 Be7 9. Ng3 g6 10. Bh6 Nc6 11. Re1 d5 12. exd6 Qxd6 13. Ne4 Qd7 14. Qf3 f5 15. Ng5 O-O-O 16. Nf7 Bb4 17. Nxd8 Nxd8 18. Ba6 Bd6 19. Bxb7+ Nxb7 20. a4 c6 21. Re2 Re8 22. Rae1 Nd8 23. Bf4 Bxf4 24. Qxf4 Qc7 25. Qf3 Re7 26. Qd3 Rd7 27. Re5 Kb7 28. Qc4 Rd5 29. Rxd5 cxd5 30. Qb4 Qd7 31. a5 b5 32. Qc5 Ka6 33. Qf8 Nb7 34. Qb8 Nd8 35. Kf1 Nc6 36. Qf8 Nd8 37. Ke2 Nb7 38. Kd2 Kxa5 39. Qf6 Nd8 40. Qe5 Kb6 41. h3 a5 42. g4 a4 43. gxf5 gxf5 44. h4 h5 45. f3 a3 46. Qb8+ Nb7 47. Qg8 Nd8 48. Qf8 Nb7 49. Qxa3 Na5 50. Qc5+ Ka6 51. Ra1 f4 52. Ke2 Qb7 53. Qd6+ Qb6 54. Rxa5+ 1-0

[Event "GER-ch 86th"]
[Site "Saarbruecken"]
[Date "2015.12.06"]
[Round "4"]
[White "Kunin, Vitaly L"]
[Black "Groeger, Stefan"]
[Result "1-0"]
[WhiteElo "2561"]
[BlackElo "2087"]
[EventDate "2015.12.03"]
[PlyCount "111"]

1. d4 d5 2. Nf3 c6 3. c4 Nf6 4. e3 e6 5. Nc3 Nbd7 6. Qc2 Bd6 7. b3 O-O 8. Be2 e5 9. cxd5 cxd5 10. Nb5 Bb4+ 11. Bd2 Bxd2+ 12. Nxd2 exd4 13. Nxd4 Ne5 14. O-O Bd7 15. Qc5 Re8 16. Rfd1 Qe7 17. Qxe7 Rxe7 18. Rac1 Rae8 19. Rc7 Bc6 20. Rxe7 Rxe7 21. b4 Be8 22. Rc1 g6 23. h3 Ne4 24. N2b3 f5 25. g4 fxg4 26. hxg4 Nd6 27. Nd2 Kg7 28. Kg2 Bf7 29. N2b3 Nec4 30. Nc5 Kf6 31. Rh1 Kg7 32. Rc1 Kf6 33. Nd3 Rc7 34. Rh1 Kg7 35. Nf4 Re7 36. Rd1 Nb6 37. Rc1 Nbc4 38. Bf3 Ne4 39. Kg1 Kf6 40. Nb5 a6 41. Nc3 Nxc3 42. Rxc3 Ke5 43. Rd3 Nb6 44. Rd4 Rc7 45. Nd3+ Kf6 46. Nc5 Nd7 47. Bxd5 Nxc5 48. bxc5 Bxd5 49. Rxd5 Ke6 50. e4 Rc6 51. Kg2 b6 52. cxb6 Rxb6 53. Ra5 h6 54. f4 Kf6 55. Kf3 Rc6 56. Ke3 1-0

[Event "GER-ch 86th"]
[Site "Saarbruecken"]
[Date "2015.12.06"]
[Round "4"]
[White "Mailitis, Kai"]
[Black "Hilverda, Alexander"]
[Result "0-1"]
[WhiteElo "2087"]
[BlackElo "2385"]
[EventDate "2015.12.03"]
[PlyCount "114"]

1. d4 Nf6 2. Nf3 g6 3. g3 Bg7 4. Bg2 O-O 5. O-O d6 6. b3 c5 7. c4 Nc6 8. Bb2 cxd4 9. Nxd4 Bd7 10. Qd2 Qb6 11. Rd1 Qc5 12. Nxc6 bxc6 13. Qd4 Qxd4 14. Bxd4 a5 15. c5 d5 16. e4 dxe4 17. Nc3 Bg4 18. Re1 Rfd8 19. Be5 Bf3 20. Nxe4 Nxe4 21. Bxg7 Bxg2 22. Kxg2 Nxc5 23. Bh6 Ne6 24. Rac1 c5 25. Be3 a4 26. Rc4 axb3 27. axb3 Ra2 28. Rb1 Rd5 29. h4 Kg7 30. Rbc1 Rb2 31. R4c3 f5 32. Ra1 Kf7 33. Ra7 Re5 34. Rb7 Re4 35. Rd7 Ke8 36. Rd2 Rxe3 37. Rxe3 Rxd2 38. Rxe6 Rd3 39. Rb6 Kd7 40. Kf1 Kc7 41. Rb5 Kc6 42. Rb8 Rd7 43. Rc8+ Kd5 44. Rb8 Kc6 45. Rc8+ Rc7 46. Rd8 Rb7 47. Rd3 e5 48. Ke2 Rb4 49. Ke3 Re4+ 50. Kf3 Rxh4 51. gxh4 e4+ 52. Ke3 exd3 53. Kxd3 Kd5 54. f3 Kc6 55. Kc2 Kb5 56. Kc3 h6 57. f4 h5 0-1

[Event "GER-ch 86th"]
[Site "Saarbruecken"]
[Date "2015.12.06"]
[Round "4"]
[White "Middelhoff, Cornelius"]
[Black "Liedtke, Matthias"]
[Result "1-0"]
[WhiteElo "2137"]
[BlackElo "2286"]
[EventDate "2015.12.03"]
[PlyCount "95"]

1. d4 Nf6 2. c4 g6 3. Nc3 Bg7 4. e4 d6 5. Be2 O-O 6. Nf3 e5 7. O-O Na6 8. Be3 Ng4 9. Bg5 Qe8 10. Re1 c6 11. d5 c5 12. Nb5 Qd7 13. h3 Nf6 14. Nd2 Ne8 15. a3 f5 16. exf5 gxf5 17. Qc2 Qf7 18. f4 e4 19. Rab1 Nac7 20. Nc3 Bd7 21. Qd1 Kh8 22. Bh5 Bd4+ 23. Kh2 Qg7 24. Ne2 Bf6 25. Bxe8 Raxe8 26. Bxf6 Qxf6 27. Nf1 Re7 28. Qd2 Rg7 29. Qc3 Qg6 30. g3 Ne8 31. b4 b6 32. a4 Qh5 33. a5 Rf6 34. axb6 axb6 35. bxc5 dxc5 36. Ra1 b5 37. Ra8 Rf8 38. cxb5 Bxb5 39. Qxc5 Bxe2 40. Qxf8+ Rg8 41. Qc5 Nf6 42. Ra3 Bf3 43. Qd4 Rg6 44. h4 Qg4 45. Ra6 Kg7 46. Rxf6 Rxf6 47. d6 Kf7 48. d7 1-0

[Event "GER-ch 86th"]
[Site "Saarbruecken"]
[Date "2015.12.06"]
[Round "4"]
[White "Mueller, Nick"]
[Black "Mueller, Reinhold"]
[Result "1-0"]
[WhiteElo "2175"]
[BlackElo "2324"]
[EventDate "2015.12.03"]
[PlyCount "81"]

1. e4 c5 2. Nf3 d6 3. d4 cxd4 4. Nxd4 Nf6 5. Nc3 g6 6. Be3 Bg7 7. f3 Nc6 8. Qd2 O-O 9. O-O-O d5 10. Qe1 e5 11. Nxc6 bxc6 12. exd5 Nxd5 13. Bc4 Be6 14. Ne4 Rb8 15. Bc5 Qc7 16. Bxf8 Bxf8 17. Bb3 a5 18. g4 Qb7 19. a4 Be7 20. Kb1 c5 21. Nd2 Nf6 22. Qxe5 Nd7 23. Qe4 Bf6 24. Qxb7 Rxb7 25. Ne4 Bd4 26. Bxe6 fxe6 27. c3 Bg7 28. f4 c4 29. Rd6 Nb6 30. Nc5 Rb8 31. Rxe6 Nd5 32. Kc2 Nxf4 33. Re4 g5 34. Rxc4 Nd5 35. Re4 Rc8 36. Ne6 Bxc3 37. bxc3 Nxc3 38. Ree1 Ne4+ 39. Kd3 Nf2+ 40. Kd4 Nxh1 41. Rxh1 1-0

[Event "GER-ch 86th"]
[Site "Saarbruecken"]
[Date "2015.12.06"]
[Round "4"]
[White "Paulsen, Dirk"]
[Black "Riegler, Dieter"]
[Result "1-0"]
[WhiteElo "2303"]
[BlackElo "2075"]
[EventDate "2015.12.03"]
[PlyCount "41"]

1. d4 Nf6 2. c4 g6 3. Nc3 Bg7 4. e4 d6 5. f4 O-O 6. Nf3 c5 7. dxc5 Qa5 8. Bd3 Qxc5 9. Qe2 Nc6 10. Be3 Qa5 11. h3 Nh5 12. Kf2 e5 13. f5 Nf4 14. Qd2 Qd8 15. g4 Nd4 16. Rad1 Bh6 17. h4 gxf5 18. exf5 Re8 19. Be4 Nxf3 20. Kxf3 Bf8 21. c5 1-0

[Event "GER-ch 86th"]
[Site "Saarbruecken"]
[Date "2015.12.06"]
[Round "4"]
[White "Stips, Felix"]
[Black "Carow, Johannes"]
[Result "0-1"]
[WhiteElo "2319"]
[BlackElo "2431"]
[EventDate "2015.12.03"]
[PlyCount "110"]

1. Nf3 c5 2. c4 Nc6 3. d4 cxd4 4. Nxd4 Qb6 5. Nc2 Nf6 6. Nc3 e6 7. e3 Be7 8. Be2 a6 9. O-O d6 10. b3 O-O 11. e4 Qc7 12. Qd3 Ne5 13. Qd2 b6 14. Ba3 Ned7 15. Rac1 Bb7 16. f3 Rfd8 17. Rfd1 Nc5 18. Qf4 Rac8 19. Ne3 h6 20. Rc2 Qb8 21. Qg3 Nh5 22. Qg4 g6 23. Bc1 Nd7 24. Nf1 Kg7 25. Ng3 Nhf6 26. Qf4 Ng8 27. h4 Bf6 28. Qg4 Ne5 29. Qh3 b5 30. f4 Nc6 31. Be3 bxc4 32. bxc4 Na5 33. c5 dxc5 34. e5 Rxd1+ 35. Bxd1 Be7 36. Nce4 Rd8 37. Bf3 Rd3 38. Bd2 Qd8 39. h5 Qd4+ 40. Kh2 Nc4 41. Bc3 Rxc3 42. Rxc3 Bd5 43. Ne2 Qd1 44. Rc1 Qd3 45. Rc3 Qb1 46. Nf2 Nd2 47. Rc1 Nxf3+ 48. gxf3 Qxa2 49. Qf1 Bxf3 50. Ng3 Qd2 51. hxg6 fxg6 52. Rc4 Bd5 53. Ra4 c4 54. Ne2 Bf3 55. Ng3 Bc5 0-1

[Event "GER-ch 86th"]
[Site "Saarbruecken"]
[Date "2015.12.06"]
[Round "4"]
[White "Svane, Rasmus"]
[Black "Stern, Rene"]
[Result "1/2-1/2"]
[WhiteElo "2534"]
[BlackElo "2538"]
[EventDate "2015.12.03"]
[PlyCount "54"]

1. Nf3 Nf6 2. c4 e6 3. Nc3 d5 4. d4 Nbd7 5. Bg5 h6 6. Bh4 Be7 7. e3 O-O 8. Rc1 c6 9. Bd3 b6 10. cxd5 Nxd5 11. Nxd5 cxd5 12. Bxe7 Qxe7 13. O-O Nf6 14. Rc3 Bb7 15. Qa4 Rfc8 16. Rfc1 Ne8 17. Ne5 Nd6 18. h3 Qd8 19. Rxc8 Rxc8 20. Rxc8 Nxc8 21. Bb5 Kf8 22. Bd7 Qc7 23. Bxc8 Bxc8 24. Qa3+ Kg8 25. Qa4 Kf8 26. Qa3+ Kg8 27. Qa4 Kf8 1/2-1/2

[Event "GER-ch 86th"]
[Site "Saarbruecken"]
[Date "2015.12.06"]
[Round "4"]
[White "Tschann, Stephan"]
[Black "Weber, Max"]
[Result "1/2-1/2"]
[WhiteElo "2262"]
[BlackElo "2160"]
[EventDate "2015.12.03"]
[PlyCount "42"]

1. d4 Nf6 2. c4 g6 3. Nf3 Bg7 4. e3 O-O 5. Be2 b6 6. O-O Bb7 7. Qc2 d5 8. cxd5 Nxd5 9. Rd1 Na6 10. a3 Qc8 11. b4 c5 12. b5 Nac7 13. Bb2 cxd4 14. Nxd4 Ne6 15. Qd2 Nxd4 16. Bxd4 Bxd4 17. Qxd4 Qc2 18. Rd2 Qc1+ 19. Rd1 Qc2 20. Rd2 Qc1+ 21. Rd1 Qc2 1/2-1/2

[Event "GER-ch 86th"]
[Site "Saarbruecken"]
[Date "2015.12.06"]
[Round "4"]
[White "Voigt, Martin"]
[Black "Wild, Achim"]
[Result "0-1"]
[WhiteElo "2342"]
[BlackElo "2182"]
[EventDate "2015.12.03"]
[PlyCount "162"]

1. e4 c5 2. Nf3 e6 3. d4 cxd4 4. Nxd4 Nc6 5. Nc3 Qc7 6. Be3 a6 7. Be2 b5 8. O-O Bb7 9. a3 Nf6 10. f4 Bc5 11. Qd3 Qb6 12. Rad1 d6 13. Bf3 Nxd4 14. Bxd4 e5 15. Bxc5 Qxc5+ 16. Kh1 Rd8 17. Nd5 Bxd5 18. exd5 O-O 19. fxe5 dxe5 20. b4 Qd6 21. c4 bxc4 22. Qxc4 Rc8 23. Qd3 Rfe8 24. Be2 Ra8 25. Qb3 e4 26. a4 Re5 27. b5 axb5 28. axb5 e3 29. b6 Rb8 30. Rc1 Qxb6 31. Rc8+ Re8 32. Rxe8+ Nxe8 33. Qxb6 Rxb6 34. Ra1 Kf8 35. Kg1 Rb2 36. Bf3 f5 37. h4 Rd2 38. Ra3 Nf6 39. Rxe3 Nxd5 40. Bxd5 Rxd5 41. Kf2 Kf7 42. Kf3 Kf6 43. g3 g6 44. Ra3 Re5 45. Ra6+ Re6 46. Ra3 Re7 47. Ra6+ Kg7 48. Ra3 Kh6 49. Rb3 Kh5 50. Ra3 Rb7 51. Rc3 Ra7 52. Rb3 Ra4 53. Rc3 h6 54. Rb3 Rg4 55. Ra3 Rb4 56. Rc3 Ra4 57. Rb3 Ra2 58. Rc3 g5 59. hxg5 hxg5 60. Rc8 g4+ 61. Kf4 Rf2+ 62. Ke5 Kg6 63. Rg8+ Kf7 64. Rg5 Rf3 65. Rxf5+ Kg6 66. Rf4 Kg5 67. Ke4 Rxg3 68. Rf8 Ra3 69. Rh8 Rf3 70. Rh7 Rf8 71. Ke3 g3 72. Ke2 Kg4 73. Rh1 g2 74. Rh7 Kg3 75. Rg7+ Kh2 76. Rh7+ Kg1 77. Rh5 Re8+ 78. Kd2 Kf2 79. Rf5+ Kg3 80. Rg5+ Kf3 81. Rg7 Re4 0-1

[Event "GER-ch 86th"]
[Site "Saarbruecken"]
[Date "2015.12.07"]
[Round "5"]
[White "Bastian, Herbert"]
[Black "Hirneise, Jens"]
[Result "0-1"]
[WhiteElo "2328"]
[BlackElo "2266"]
[EventDate "2015.12.03"]
[PlyCount "56"]

1. e4 c5 2. Nc3 Nc6 3. g3 g6 4. Bg2 Bg7 5. d3 d6 6. Nf3 e5 7. Nd5 Nce7 8. Nxe7 Nxe7 9. Be3 h6 10. c3 f5 11. exf5 Nxf5 12. O-O O-O 13. d4 cxd4 14. cxd4 e4 15. Nd2 d5 16. Nb3 a5 17. Rc1 b6 18. Qd2 Ra7 19. Rc3 Raf7 20. Rfc1 Bd7 21. Na1 Nxe3 22. fxe3 h5 23. Nc2 h4 24. gxh4 Qxh4 25. Rf1 Rxf1+ 26. Bxf1 Rxf1+ 27. Kxf1 Bh3+ 28. Ke2 Qg4+ 0-1

[Event "GER-ch 86th"]
[Site "Saarbruecken"]
[Date "2015.12.07"]
[Round "5"]
[White "Bischoff, Klaus"]
[Black "Svane, Rasmus"]
[Result "1/2-1/2"]
[WhiteElo "2497"]
[BlackElo "2534"]
[EventDate "2015.12.03"]
[PlyCount "55"]

1. Nf3 Nf6 2. c4 e6 3. b3 d5 4. Bb2 Be7 5. e3 O-O 6. Be2 b6 7. O-O Bb7 8. cxd5 Nxd5 9. a3 c5 10. Qc2 Nc6 11. d3 Bf6 12. Nbd2 Bxb2 13. Qxb2 Qf6 14. Qxf6 Nxf6 15. Rfc1 Rfd8 16. Rab1 Nd5 17. Nc4 f6 18. Ncd2 Rac8 19. Bf1 Kf7 20. h4 h6 21. h5 Ke7 22. Be2 Rd7 23. g3 Rdd8 24. Rc2 Kf7 25. Rbc1 Nde7 26. Rb1 Nd5 27. Rbc1 Nde7 28. Rb1 1/2-1/2

[Event "GER-ch 86th"]
[Site "Saarbruecken"]
[Date "2015.12.07"]
[Round "5"]
[White "Bode, Wilfried"]
[Black "Khenkin, Igor"]
[Result "1-0"]
[WhiteElo "2338"]
[BlackElo "2594"]
[EventDate "2015.12.03"]
[PlyCount "93"]

1. c4 b6 2. Nc3 Bb7 3. e4 e6 4. Nge2 Nf6 5. d3 c5 6. g3 Nc6 7. Bg2 d6 8. O-O Be7 9. h3 O-O 10. Be3 a6 11. d4 cxd4 12. Nxd4 Ne5 13. b3 Qc7 14. Rc1 Rac8 15. f4 Ned7 16. f5 e5 17. Nde2 h6 18. Nd5 Bxd5 19. exd5 Qb8 20. Qd3 Rc7 21. Nc3 Rfc8 22. a4 Re8 23. Rb1 Nc5 24. Qe2 Qc8 25. h4 Nfd7 26. Bh3 Bf6 27. b4 Nb7 28. Ne4 a5 29. bxa5 Rxc4 30. Rfc1 Rxe4 31. Rxc8 Rxc8 32. Bg2 Rxa4 33. Qb5 Nbc5 34. axb6 e4 35. Bxc5 Nxc5 36. b7 Rb8 37. Qc6 Kh7 38. Qc8 Rxb7 39. Rxb7 Nxb7 40. Qxb7 e3 41. Qxf7 Rg4 42. Kf1 Rxg3 43. Be4 Rg4 44. Bf3 Rxh4 45. Qg6+ Kh8 46. Qe8+ Kh7 47. Bh5 1-0

[Event "GER-ch 86th"]
[Site "Saarbruecken"]
[Date "2015.12.07"]
[Round "5"]
[White "Carow, Johannes"]
[Black "Kunin, Vitaly L"]
[Result "0-1"]
[WhiteElo "2431"]
[BlackElo "2561"]
[EventDate "2015.12.03"]
[PlyCount "64"]

1. d4 Nf6 2. c4 e6 3. Nc3 Bb4 4. Qc2 O-O 5. a3 Bxc3+ 6. Qxc3 Ne4 7. Qc2 f5 8. e3 b6 9. Ne2 Bb7 10. f3 Qh4+ 11. g3 Qe7 12. Bg2 Nf6 13. O-O d6 14. b4 Nbd7 15. Bb2 c5 16. Rac1 Rac8 17. Qb3 Rc7 18. Rc2 Rfc8 19. Rfc1 Qf7 20. a4 e5 21. bxc5 bxc5 22. d5 Rb8 23. Qd3 Ba6 24. e4 Rcb7 25. Bc3 fxe4 26. fxe4 Rb3 27. Bh3 Kh8 28. Be6 Qh5 29. Rf1 Nb6 30. g4 Qg5 31. Rf5 Qxg4+ 32. Ng3 Bxc4 0-1